069_ Personnalités nées un 10 mars par images - Statistiques

Statistiques générales
  • Ce quiz a été pris 55 fois
  • Le résultat moyen est 5 sur 9
Statistiques - réponses
Par images Hint Réponse % Correct
Acteur Ramzy Bedia
92%
Animateur Arthur
89%
Humoriste Ahmed Sylla
85%
Terroriste Oussama ben Laden
83%
Acteur Chuck Norris
72%
Rappeur Bad Bunny
57%
Chanteur Boris Vian
23%
Famille Royale Edward d'Edimbourg
11%
Actrice Olivia Wilde
8%
Aucun quiz correspondant
Distribution des résultats
% des personnes avec chaque résultat
Percentile par nombre de réponses
Votre historique - résultats
Vous n’avez pas pris ce quiz